000 00736nam a2200217 i 4500
001 171883
003 ES-MaACL
005 20251120063148.0
008 090605s1981 sp |||| | spa d
017 _aM 17722-1981
020 _a84-220-1002-X
100 1 _aBalmes, Jaime,
_d1810-1848
_925096
245 1 0 _aAntología política de Balmes.
_nI /
_cpor José María García Escudero.
260 _aMadrid :
_bLa Editorial Católica,
_c1981.
300 _aXI, 538 p., 1 h ;
_c20 cm.
490 1 _aBiblioteca de autores cristianos ;
_v421
700 1 _aGarcía Escudero, José María.
_954570
830 0 0 _aBiblioteca de autores cristianos
_v421
_9178679
852 _aES-MaACL
_jJ-411
_9R.46092
999 _c171883
_d171883